[Event "Czech League (Extraliga) 2014/15"]
[Site "Turnov"]
[Date "2015.03.27"]
[Round "9"]
[White "Bindrich, Falko"]
[Black "Navara, David"]
[Result "0-1"]
[WhiteElo "2609"]
[BlackElo "2727"]
[PlyCount "106"]
[EventDate "2015.??.??"]

1. Nf3 d5 2. d4 Nf6 3. c4 c6 4. e3 Bg4 5. Bd3 e6 6. Nbd2 Nbd7 7. O-O Bd6 8. h3
Bh5 9. b3 e5 10. cxd5 cxd5 11. dxe5 Bxe5 12. Rb1 Bd6 13. Bb2 O-O 14. Rc1 Nc5
15. Be2 Re8 16. Nb1 Nce4 17. Nc3 a6 18. Nxe4 dxe4 19. Nd2 Be5 20. Bxe5 Bxe2 21.
Qxe2 Rxe5 22. Rfd1 Rd5 23. Nf1 Rd3 24. Qc2 Qd7 25. Rd2 Rd8 26. Rcd1 h6 27. Qc5
Rc8 28. Qe5 Rc2 29. Rxd3 exd3 30. f3 d2 31. Qd4 Qxd4 32. exd4 Rxa2 33. Rxd2
Rxd2 34. Nxd2 b5 35. Kf2 a5 36. Nb1 Nd5 37. Na3 a4 38. bxa4 bxa4 39. g3 g5 40.
Ke2 h5 41. Kd3 f5 42. Ke2 Kf7 43. Kf2 Ke6 44. Nc4 h4 45. Na3 Kd6 46. Nc4+ Kc6
47. Na3 Kb6 48. f4 hxg3+ 49. Kxg3 Nxf4 50. h4 Nh5+ 51. Kh3 g4+ 52. Kg2 f4 53.
Nc4+ Kb5 0-1

[Event "Czech League (Extraliga) 2014/15"]
[Site "Turnov"]
[Date "2015.03.27"]
[Round "9"]
[White "Pentala, Harikrishna"]
[Black "Cyborowski, Lukasz"]
[Result "1-0"]
[WhiteElo "2725"]
[BlackElo "2512"]
[PlyCount "61"]
[EventDate "2015.??.??"]

1. e4 c5 2. Nf3 e6 3. d4 cxd4 4. Nxd4 a6 5. Be2 Nc6 6. O-O Qc7 7. Nc3 b5 8.
Nxc6 Qxc6 9. Bf3 Bb7 10. Re1 Ne7 11. a4 b4 12. Nd5 exd5 13. exd5 Qf6 14. Bd2
O-O-O 15. Bxb4 Nf5 16. Bc3 Qg5 17. d6 Nxd6 18. Re5 Qg6 19. Rc5+ Kb8 20. Be5 Rc8
21. Rc3 Rxc3 22. bxc3 Kc8 23. Rb1 Qe6 24. Bxd6 Bxd6 25. Bxb7+ Kc7 26. Qd4 Kd8
27. Bxa6 Be5 28. Qa7 Ke7 29. g3 Kf6 30. Bb7 Qd6 31. Rb6 1-0

[Event "Czech League (Extraliga) 2014/15"]
[Site "Turnov"]
[Date "2015.03.27"]
[Round "9"]
[White "Simacek, Pavel"]
[Black "Shirov, Alexej"]
[Result "0-1"]
[WhiteElo "2464"]
[BlackElo "2683"]
[PlyCount "102"]
[EventDate "2015.??.??"]

1. e4 c5 2. Nc3 Nc6 3. f4 e6 4. Nf3 d5 5. Bb5 Nge7 6. exd5 Nxd5 7. Ne5 Bd7 8.
Bxc6 Bxc6 9. Nxc6 bxc6 10. Qf3 g6 11. b3 Nb4 12. O-O Bg7 13. Bb2 O-O 14. Qd1 c4
15. bxc4 Qd4+ 16. Kh1 Qxc4 17. d3 Qa6 18. Qd2 Rfd8 19. Rfb1 f5 20. Ne2 Bxb2 21.
Rxb2 c5 22. Ng1 Qd6 23. Nf3 Nd5 24. Ne5 Rab8 25. Rb3 Rb4 26. g3 Rdb8 27. Re1 a5
28. Qe2 a4 29. Rxb4 cxb4 30. Nc4 Qc6 31. Na5 Qa6 32. Qe5 Rd8 33. Nc4 Kf7 34. h4
Qc6 35. Qxf5+ Nf6+ 36. Qe4 Qxe4+ 37. dxe4 Rd4 38. Ne5+ Ke8 39. Nf3 Rxe4 40. Kg2
a3 41. c3 Rxe1 42. Nxe1 b3 43. axb3 a2 44. Nc2 Nd5 45. Kf3 Nxc3 46. Ke3 h5 47.
Kd4 Ne2+ 48. Ke5 Ke7 49. b4 Nxg3 50. b5 Nf5 51. b6 Kd7 0-1

[Event "Czech League (Extraliga) 2014/15"]
[Site "Turnov"]
[Date "2015.03.28"]
[Round "10"]
[White "Azarov, Sergei"]
[Black "Navara, David"]
[Result "1/2-1/2"]
[WhiteElo "2635"]
[BlackElo "2727"]
[PlyCount "110"]
[EventDate "2015.??.??"]

1. e4 c6 2. d4 d5 3. Nc3 dxe4 4. Nxe4 Bf5 5. Ng3 Bg6 6. Nh3 Nf6 7. Nf4 e5 8.
dxe5 Qa5+ 9. c3 Qxe5+ 10. Be2 Nbd7 11. O-O Bc5 12. Nd3 Bxd3 13. Bxd3 O-O 14.
Qf3 Rfe8 15. Bd2 Qd5 16. Qxd5 Nxd5 17. Ne4 Bb6 18. Rad1 Ne5 19. Bc2 Rad8 20.
Bg5 f6 21. Bc1 f5 22. Ng5 g6 23. Bb3 h6 24. c4 Nxc4 25. Bxc4 hxg5 26. Bxg5 Rd7
27. g3 Kg7 28. Kg2 Bd8 29. Bxd5 Bxg5 30. Bxc6 Rxd1 31. Bxe8 Rd2 32. h4 Be3 33.
Re1 Bxf2 34. Re7+ Kf8 35. Re6 g5 36. hxg5 Be3+ 37. Kf1 Bxg5 38. Ba4 Rxb2 39.
Bb3 Kg7 40. Rd6 Be7 41. Rd7 Kf6 42. Rxb7 Bd6 43. Rf7+ Ke5 44. Rxa7 Ke4 45. Ra6
Bxg3 46. Rc6 Kd3 47. Bc4+ Kd4 48. Bb3 Rf2+ 49. Kg1 Kd3 50. Rd6+ Ke3 51. Re6+
Kf4 52. Rc6 Re2 53. Rc2 Re1+ 54. Kg2 Kg4 55. Rd2 Be5 1/2-1/2

[Event "Czech League (Extraliga) 2014/15"]
[Site "Turnov"]
[Date "2015.03.28"]
[Round "10"]
[White "Pentala, Harikrishna"]
[Black "Fedorov, Aleksei"]
[Result "1-0"]
[WhiteElo "2725"]
[BlackElo "2555"]
[PlyCount "81"]
[EventDate "2015.??.??"]

1. e4 c5 2. Nf3 Nc6 3. Bb5 e6 4. O-O Nge7 5. Re1 Nd4 6. Nxd4 cxd4 7. d3 a6 8.
Ba4 b5 9. Bb3 Nc6 10. Nd2 Bb7 11. Nf3 Qb6 12. Bf4 Bb4 13. Nd2 O-O 14. a3 Be7
15. Qg4 Kh8 16. Nf3 f6 17. h4 Rg8 18. Qg3 Rac8 19. Bd6 Bxd6 20. Qxd6 Rgd8 21.
a4 Ba8 22. axb5 axb5 23. Bd5 e5 24. c3 dxc3 25. bxc3 Qb8 26. Qc5 d6 27. Qe3 Qc7
28. h5 Qd7 29. Reb1 Ne7 30. Bxa8 Rxa8 31. Rxa8 Rxa8 32. Qb6 Rc8 33. Qxb5 Qxb5
34. Rxb5 Rxc3 35. Rb7 Nc6 36. Nh4 Kg8 37. Nf5 g6 38. hxg6 hxg6 39. Rg7+ Kh8 40.
Rxg6 Nb4 41. Nxd6 1-0

[Event "Czech League (Extraliga) 2014/15"]
[Site "Turnov"]
[Date "2015.03.28"]
[Round "10"]
[White "Antoniewski, Rafal"]
[Black "Shirov, Alexej"]
[Result "1/2-1/2"]
[WhiteElo "2543"]
[BlackElo "2683"]
[PlyCount "63"]
[EventDate "2015.??.??"]

1. Nf3 d5 2. d4 Nf6 3. c4 c6 4. Nc3 e6 5. e3 Nbd7 6. Qc2 Bd6 7. Bd3 O-O 8. O-O
dxc4 9. Bxc4 b5 10. Bd3 Bb7 11. a3 Rc8 12. b4 c5 13. bxc5 Bxf3 14. gxf3 Nxc5
15. dxc5 Rxc5 16. f4 Nd5 17. Bb2 Nxc3 18. Bxc3 Qc7 19. Rfc1 Rc8 20. Bb4 Rxc2
21. Rxc2 Qxc2 22. Bxc2 Bxb4 23. axb4 Rxc2 24. Rxa7 g5 25. Ra5 gxf4 26. exf4 Rc4
27. Rxb5 Rxf4 28. Kg2 Kg7 29. Kg3 Rc4 30. Rb8 Kf6 31. Rh8 Kg6 32. Rg8+ 1/2-1/2

[Event "Czech League (Extraliga) 2014/15"]
[Site "Turnov"]
[Date "2015.03.29"]
[Round "11"]
[White "Navara, David"]
[Black "Luch, Michal"]
[Result "1-0"]
[WhiteElo "2727"]
[BlackElo "2413"]
[PlyCount "101"]
[EventDate "2015.??.??"]

1. e4 Nf6 2. e5 Nd5 3. d4 d6 4. Nf3 dxe5 5. Nxe5 c6 6. Be2 Bf5 7. O-O Nd7 8.
Nf3 e6 9. c4 N5f6 10. Nc3 Bd6 11. h3 O-O 12. Nh4 Ne4 13. Nxf5 exf5 14. Bd3 Re8
15. Bxe4 fxe4 16. Re1 Qh4 17. Qg4 Qxg4 18. hxg4 Bb4 19. Bd2 Nb6 20. b3 Rad8 21.
Nxe4 Rxe4 22. Bxb4 Rexd4 23. Re7 R4d7 24. Rae1 f6 25. a4 Rxe7 26. Rxe7 Rd1+ 27.
Kh2 Nd7 28. Re8+ Kf7 29. Ra8 c5 30. Rxa7 cxb4 31. Rxb7 Ke6 32. Rxb4 Kd6 33. a5
Ra1 34. Rb5 Kc6 35. g5 fxg5 36. Rxg5 g6 37. b4 Rc1 38. b5+ Kc7 39. Rg4 Ne5 40.
Rh4 h5 41. Re4 Nxc4 42. b6+ Kc6 43. Re6+ Kd7 44. b7 Kxe6 45. b8=Q Nxa5 46. Qb6+
Rc6 47. Qxa5 Kf6 48. Qd8+ Ke6 49. Qe8+ Kd5 50. f4 Re6 51. Qf7 1-0

[Event "Czech League (Extraliga) 2014/15"]
[Site "Turnov"]
[Date "2015.03.29"]
[Round "11"]
[White "Stachowiak, Kamil"]
[Black "Pentala, Harikrishna"]
[Result "1/2-1/2"]
[WhiteElo "2448"]
[BlackElo "2725"]
[PlyCount "142"]
[EventDate "2015.??.??"]

1. d4 Nf6 2. c4 e6 3. Nf3 d5 4. Nc3 Bb4 5. Qa4+ Nc6 6. e3 O-O 7. Bd2 dxc4 8.
Bxc4 Bd6 9. h3 a6 10. O-O Rb8 11. Be2 b5 12. Qc2 Bb7 13. a3 e5 14. d5 Ne7 15.
e4 c6 16. dxc6 Bxc6 17. Bg5 Ng6 18. Nh4 Nxh4 19. Bxh4 Qe7 20. Rac1 h6 21. Bxf6
Qxf6 22. b4 Bb7 23. Rfd1 Rfd8 24. Nd5 Qg5 25. Qb2 Rbc8 26. Rxc8 Rxc8 27. Bg4
Rd8 28. Qc1 Qxc1 29. Rxc1 g6 30. Bd1 Kg7 31. Bb3 Bb8 32. Kf1 Rd7 33. Ke2 Ba7
34. Rc2 h5 35. f3 f5 36. Kd3 Bd4 37. Rc7 Rxc7 38. Nxc7 fxe4+ 39. fxe4 Kf6 40.
a4 bxa4 41. Bxa4 Bf2 42. Be8 Be1 43. b5 axb5 44. Bxb5 Kg5 45. Be8 Kf4 46. Bxg6
h4 47. Ke2 Ba5 48. Nd5+ Kg3 49. Kf1 Ba6+ 50. Kg1 Bd3 51. Kh1 Bd2 52. Kg1 Be1
53. Nf6 Bf2+ 54. Kh1 Bb6 55. Bh5 Bd8 56. Nd7 Kf4 57. Kh2 Bxe4 58. Nxe5 Kxe5 59.
g3 Kd4 60. gxh4 Bxh4 61. Kg1 Ke3 62. Kf1 Kd2 63. Bg4 Bd5 64. Bh5 Ke3 65. Bg4
Be7 66. Bh5 Bc5 67. Bg4 Kd2 68. Bh5 Bc4+ 69. Kg2 Ke1 70. Bf3 Bd6 71. Bb7 Ke2
1/2-1/2

[Event "Czech League (Extraliga) 2014/15"]
[Site "Turnov"]
[Date "2015.03.29"]
[Round "11"]
[White "Shirov, Alexej"]
[Black "Studnicka, Tomas"]
[Result "1-0"]
[WhiteElo "2683"]
[BlackElo "2359"]
[PlyCount "51"]
[EventDate "2015.??.??"]

1. e4 c5 2. Nf3 g6 3. c3 Bg7 4. d4 cxd4 5. cxd4 Nf6 6. Nc3 d5 7. e5 Ne4 8. Bd3
Nxc3 9. bxc3 O-O 10. h4 Bg4 11. h5 Nc6 12. Qd2 Qa5 13. Rb1 a6 14. hxg6 fxg6 15.
Ng5 Nxe5 16. dxe5 Bxe5 17. Kf1 Bxc3 18. Qe3 e5 19. Rxb7 Bd4 20. Rhxh7 Rxf2+ 21.
Kxf2 Bxe3+ 22. Bxe3 Qc3 23. Rbg7+ Kf8 24. Rf7+ Kg8 25. Rhg7+ Kh8 26. Rxg6 1-0

[Event "Aeroflot Open 2015"]
[Site "Moscow RUS"]
[Date "2015.03.31"]
[Round "5"]
[White "Kobalia, Mikhail"]
[Black "Nepomniachtchi, Ian"]
[Result "0-1"]
[WhiteElo "2632"]
[BlackElo "2714"]
[PlyCount "78"]
[EventDate "2015.03.27"]

1. e4 c5 2. Nf3 d6 3. Bb5+ Nd7 4. O-O a6 5. Bd3 Ngf6 6. c3 b5 7. Bc2 Bb7 8. Qe2
e5 9. d4 Be7 10. a4 O-O 11. Rd1 Qb6 12. Nbd2 exd4 13. cxd4 Rae8 14. axb5 axb5
15. dxc5 dxc5 16. b3 Bd6 17. Bb2 Re7 18. Bc3 Bb8 19. Ba5 Qc6 20. Bd3 b4 21.
Rac1 Qe6 22. h3 Bf4 23. Ra1 Ra8 24. Qf1 Ree8 25. Bc4 Qe7 26. Bb5 Reb8 27. Re1
Ne5 28. Ra4 Qe6 29. Nxe5 Bxe5 30. Bc4 Qe7 31. Nf3 Bc3 32. Re3 Bc6 33. Ra2 Nxe4
34. Qb1 Qb7 35. Qd3 Bf6 36. Nh2 Bd4 37. Rf3 Nd6 38. Rg3 Nxc4 39. Qxc4 Qb5 0-1

[Event "Aeroflot Open 2015"]
[Site "Moscow RUS"]
[Date "2015.03.31"]
[Round "5"]
[White "Khairullin, Ildar"]
[Black "Korobov, Anton"]
[Result "1/2-1/2"]
[WhiteElo "2630"]
[BlackElo "2694"]
[PlyCount "35"]
[EventDate "2015.03.27"]

1. c4 e5 2. Nc3 d6 3. g3 Nc6 4. Bg2 f5 5. d3 Nf6 6. Rb1 a5 7. a3 g6 8. b4 axb4
9. axb4 Bg7 10. b5 Ne7 11. Nf3 O-O 12. O-O h6 13. Nd2 c6 14. Qb3 Be6 15. Ba3 g5
16. Ra1 g4 17. Rfb1 h5 18. bxc6 1/2-1/2

[Event "Aeroflot Open 2015"]
[Site "Moscow RUS"]
[Date "2015.03.31"]
[Round "5"]
[White "Mamedyarov, Shakhriyar"]
[Black "Anton Guijarro, David"]
[Result "0-1"]
[WhiteElo "2756"]
[BlackElo "2614"]
[PlyCount "84"]
[EventDate "2015.03.27"]

1. d4 f5 2. c4 Nf6 3. Nc3 d6 4. Nf3 g6 5. Bf4 Bg7 6. e3 O-O 7. c5 Kh8 8. h4 Be6
9. Qa4 Qd7 10. Bb5 c6 11. Be2 Bg8 12. Rd1 b5 13. cxb6 Qb7 14. Ng5 axb6 15. Qc2
Nbd7 16. h5 Nxh5 17. Bxh5 gxh5 18. Bg3 Nf6 19. a3 c5 20. d5 Nxd5 21. Ne2 Nf6
22. Qxf5 Ng4 23. Qc2 Qxg2 24. Rxh5 h6 25. Nf4 Rxf4 26. exf4 Ne3 27. Rxh6+ Bxh6
28. Qc3+ Bg7 29. Qxe3 Bf6 30. Qe2 Ra4 31. Qh5+ Kg7 32. Qg4 Kh6 33. Qh4+ Kg7 34.
Qg4 Kh6 35. Qh4+ Kg6 36. f5+ Kxf5 37. Qxa4 Bxg5 38. Ke2 Bd5 39. Qd7+ Be6 40.
Qa4 b5 41. Qc2+ Kf6 42. Qc3+ Kg6 0-1

[Event "Aeroflot Open 2015"]
[Site "Moscow RUS"]
[Date "2015.03.31"]
[Round "5"]
[White "Sethuraman, S.P."]
[Black "Rapport, Richard"]
[Result "0-1"]
[WhiteElo "2623"]
[BlackElo "2709"]
[PlyCount "64"]
[EventDate "2015.03.27"]

1. e4 c5 2. Nf3 a6 3. Nc3 b5 4. d4 cxd4 5. Nxd4 e6 6. Bd3 Qb6 7. Nf3 Qc7 8. O-O
Bb7 9. Re1 Be7 10. e5 f5 11. a4 b4 12. Na2 Nh6 13. Bd2 Nc6 14. c3 b3 15. Nb4
Nf7 16. Nxc6 Bxc6 17. Nd4 Bd5 18. Qe2 O-O 19. f4 Kh8 20. Be3 Rg8 21. c4 Bb7 22.
c5 Nd8 23. Rac1 g5 24. fxg5 Bxg5 25. Bxg5 Rxg5 26. Nf3 Rg7 27. Qe3 Nf7 28. c6
Bxc6 29. Bb5 axb5 30. axb5 Rag8 31. Re2 f4 32. Qc5 Bxf3 0-1

[Event "Aeroflot Open 2015"]
[Site "Moscow RUS"]
[Date "2015.03.31"]
[Round "5"]
[White "Khalifman, Alexander"]
[Black "Vallejo Pons, Francisco"]
[Result "1/2-1/2"]
[WhiteElo "2613"]
[BlackElo "2708"]
[PlyCount "52"]
[EventDate "2015.03.27"]

1. d4 d5 2. c4 c6 3. Nf3 Nf6 4. Nc3 e6 5. g3 dxc4 6. Bg2 b5 7. Ne5 a6 8. O-O
Bb7 9. b3 b4 10. Na4 c3 11. Qc2 Nbd7 12. Rd1 a5 13. a3 Nxe5 14. dxe5 Nd7 15.
Be3 Qc7 16. Rxd7 Qxd7 17. Nb6 Qc7 18. Nxa8 Bxa8 19. axb4 Bxb4 20. Bd4 c5 21.
Bxc3 Bxg2 22. Kxg2 O-O 23. Bxb4 axb4 24. Qe4 h6 25. Rc1 Rc8 26. Qe3 Qb7+
1/2-1/2

[Event "Aeroflot Open 2015"]
[Site "Moscow RUS"]
[Date "2015.03.31"]
[Round "5"]
[White "Inarkiev, Ernesto"]
[Black "Gabuzyan, Hovhannes"]
[Result "1/2-1/2"]
[WhiteElo "2706"]
[BlackElo "2553"]
[PlyCount "137"]
[EventDate "2015.03.27"]

1. d4 Nf6 2. c4 g6 3. Nc3 Bg7 4. e4 O-O 5. Nf3 d6 6. Be2 c5 7. O-O cxd4 8. Nxd4
Nc6 9. Be3 Bd7 10. Qd2 Nxd4 11. Bxd4 Bc6 12. f3 Nd7 13. Be3 a5 14. b3 Nc5 15.
Rac1 Qb6 16. Nb5 f5 17. exf5 Rxf5 18. Bd3 Rf7 19. Qe2 Bh6 20. Kh1 Bxe3 21. Qxe3
Raf8 22. a3 Qd8 23. Nd4 Bd7 24. Bc2 Qb6 25. Qc3 e5 26. Ne2 e4 27. f4 Bg4 28.
Ng3 Nd3 29. Bxd3 exd3 30. Qxd3 Rxf4 31. Rxf4 Rxf4 32. h3 Rd4 33. Qc2 Be6 34.
Rf1 Qc5 35. Qf2 Bf5 36. Qe3 Qe5 37. Qg5 Kh8 38. Rf3 Rd1+ 39. Kh2 Rd3 40. Qd8+
Kg7 41. Qc7+ Kf6 42. Qd8+ Kg7 43. Qc7+ Kf6 44. Rxd3 Bxd3 45. Qxh7 b5 46. Qh8+
Ke6 47. Qe8+ Kf6 48. Qd8+ Ke6 49. Qc8+ Kf6 50. Qf8+ Ke6 51. Qc8+ Kf6 52. cxb5
Qxb5 53. Qc3+ Ke6 54. a4 Qd5 55. b4 axb4 56. Qxb4 Qc4 57. Qe1+ Kd7 58. a5 Qd4
59. Nh1 d5 60. Nf2 Bf5 61. Nd1 Qa1 62. Qd2 Qe5+ 63. Kg1 d4 64. Nb2 d3 65. a6
Kc6 66. Qc1+ Kd7 67. Qd2 Kc6 68. Qc1+ Kd7 69. Qd2 1/2-1/2

[Event "Aeroflot Open 2015"]
[Site "Moscow RUS"]
[Date "2015.04.01"]
[Round "6"]
[White "Nepomniachtchi, Ian"]
[Black "Van Foreest, Jorden"]
[Result "1-0"]
[WhiteElo "2714"]
[BlackElo "2493"]
[PlyCount "71"]
[EventDate "2015.03.27"]

1. e4 e5 2. Nf3 Nc6 3. Bb5 Nf6 4. d3 Bc5 5. O-O d6 6. Nc3 O-O 7. Na4 Nd4 8.
Nxc5 Nxb5 9. a4 dxc5 10. axb5 Bg4 11. h3 Bh5 12. Bg5 Qd6 13. Ra3 Nd7 14. Be3 f6
15. g4 Bf7 16. Qa1 Qb6 17. Ra5 h5 18. Nh4 hxg4 19. hxg4 Qe6 20. f3 c4 21. Rd1
Nb6 22. d4 exd4 23. Bxd4 Nc8 24. Nf5 b6 25. Ra6 Be8 26. Qa4 Qd7 27. Qxc4+ Rf7
28. Qa2 Qxb5 29. Rd2 c5 30. Be3 c4 31. Rd8 Kh7 32. Kg2 Bd7 33. Qa1 Be8 34. Qh1+
Kg8 35. Ra1 Qc6 36. Nd4 1-0

[Event "Aeroflot Open 2015"]
[Site "Moscow RUS"]
[Date "2015.04.01"]
[Round "6"]
[White "Korobov, Anton"]
[Black "Adhiban, Baskaran"]
[Result "0-1"]
[WhiteElo "2694"]
[BlackElo "2646"]
[PlyCount "168"]
[EventDate "2015.03.27"]

1. d4 d5 2. c4 e6 3. Nc3 c6 4. e3 Nf6 5. Nf3 Nbd7 6. Qc2 Bd6 7. Bd3 O-O 8. O-O
dxc4 9. Bxc4 b5 10. Be2 Qe7 11. e4 e5 12. Rd1 a6 13. Bg5 Re8 14. a3 h6 15. Bh4
Bb8 16. Kh1 Bb7 17. b4 exd4 18. Nxd4 c5 19. Nf5 Qe6 20. f3 Be5 21. Bg3 Rac8 22.
Bxe5 Qxe5 23. Rac1 Re6 24. Qd2 cxb4 25. axb4 Qb8 26. g4 Ne5 27. Nd5 Rce8 28.
Nxf6+ Rxf6 29. Rc5 Ng6 30. g5 hxg5 31. Qxg5 Bc8 32. Bf1 Bxf5 33. exf5 Qf4 34.
Qg4 Qe3 35. Qg3 Nh4 36. Rd3 Qe1 37. Qxe1 Rxe1 38. Rd8+ Kh7 39. Kg1 Rb1 40. Kf2
Nxf5 41. Rxf5 Rxf1+ 42. Kxf1 Rxf5 43. Kf2 Rf4 44. Rd6 Rxb4 45. Rxa6 Rf4 46. Ke3
Rf5 47. Rb6 Re5+ 48. Kf4 Rc5 49. Kg3 g6 50. h4 Kg7 51. Kh3 Rh5 52. Kg3 Rd5 53.
Kh3 Kh7 54. Kg3 Kg8 55. Rb7 Kf8 56. Kh3 Ke8 57. Kg4 Rc5 58. Kg3 Rf5 59. Kf2 Kd8
60. Ke3 Kc8 61. Re7 b4 62. Re4 Rb5 63. Kd2 b3 64. Kc1 b2+ 65. Kb1 Kd7 66. Re2
Kd6 67. f4 Rh5 68. Rh2 Ke6 69. Kxb2 Kf5 70. Kc3 Kg4 71. Rg2+ Kf3 72. Rg1 Rxh4
73. f5 Kf2 74. Ra1 gxf5 75. Kd3 Rh3+ 76. Kd4 f4 77. Ra2+ Kg3 78. Ra7 f3 79.
Rxf7 Rh1 80. Rg7+ Kf2 81. Ra7 Kg2 82. Rg7+ Kf1 83. Ke3 f2 84. Kd2 Rh2 0-1

[Event "Aeroflot Open 2015"]
[Site "Moscow RUS"]
[Date "2015.04.01"]
[Round "6"]
[White "Vallejo Pons, Francisco"]
[Black "Khairullin, Ildar"]
[Result "1/2-1/2"]
[WhiteElo "2708"]
[BlackElo "2630"]
[PlyCount "54"]
[EventDate "2015.03.27"]

1. d4 d5 2. c4 c6 3. Nf3 Nf6 4. e3 Bf5 5. Nc3 e6 6. Nh4 Be4 7. f3 Bg6 8. Qb3
Qc7 9. Bd2 Be7 10. g3 O-O 11. Nxg6 hxg6 12. Rc1 Qd7 13. Be2 Rd8 14. cxd5 cxd5
15. Na4 Nc6 16. Bb5 Rac8 17. O-O Bd6 18. Nc5 Qe7 19. Nxb7 Nxd4 20. Nxd8 Rxc1
21. exd4 Rxf1+ 22. Bxf1 Qxd8 23. Qb7 a5 24. b4 axb4 25. Bxb4 Ne8 26. Kg2 Bc7
27. Bc5 Nd6 1/2-1/2

[Event "Aeroflot Open 2015"]
[Site "Moscow RUS"]
[Date "2015.04.01"]
[Round "6"]
[White "Mamedyarov, Shakhriyar"]
[Black "Wagner, Dennis"]
[Result "1/2-1/2"]
[WhiteElo "2756"]
[BlackElo "2549"]
[PlyCount "133"]
[EventDate "2015.03.27"]

1. d4 d5 2. c4 c6 3. Nf3 Nf6 4. Qb3 dxc4 5. Qxc4 Bf5 6. g3 e6 7. Bg2 Nbd7 8.
O-O Be7 9. e3 O-O 10. Qe2 Qa5 11. Rd1 Rac8 12. h3 h6 13. b3 e5 14. Bb2 e4 15.
Nfd2 Rfe8 16. Nc3 Bb4 17. Rac1 Qd8 18. a3 Bxc3 19. Bxc3 Nd5 20. Bb2 Qe7 21. Kh2
N7f6 22. b4 a6 23. a4 Qxb4 24. Nc4 b5 25. Ne5 Qd6 26. Qc2 Nb4 27. Qb3 Nfd5 28.
Ba3 a5 29. Bf1 f6 30. Nxc6 bxa4 31. Qxa4 Bd7 32. Rc5 Bxc6 33. Qxa5 Ra8 34. Rxd5
Qxd5 35. Qxb4 Kh8 36. Rc1 Reb8 37. Qd6 Rc8 38. g4 Qxd6+ 39. Bxd6 Bd5 40. Rb1
Rc2 41. Bg3 Kh7 42. Rb5 Bc6 43. Bg2 Kg8 44. Rb6 Re8 45. Ra6 Kf7 46. Bd6 Bd5 47.
Ra7+ Ke6 48. Bg3 Re7 49. Ra6+ Rc6 50. Ra5 Rc8 51. Ra6+ Rc6 52. Ra8 Rc1 53. Ra5
Rc8 54. h4 Ra8 55. Rc5 g5 56. Bf1 Rb7 57. Bb5 Ra1 58. Kg2 Ra8 59. h5 Rb6 60.
Kh3 Rb7 61. Kg2 Rb6 62. Bd7+ Kxd7 63. Rxd5+ Ke7 64. Rc5 Rb7 65. d5 Rd8 66. Bc7
Rc8 67. d6+ 1/2-1/2

[Event "Aeroflot Open 2015"]
[Site "Moscow RUS"]
[Date "2015.04.01"]
[Round "6"]
[White "Savchenko, Boris"]
[Black "Inarkiev, Ernesto"]
[Result "0-1"]
[WhiteElo "2581"]
[BlackElo "2706"]
[PlyCount "38"]
[EventDate "2015.03.27"]

1. b3 d5 2. Bb2 c5 3. e3 a6 4. f4 Nc6 5. Nf3 f6 6. g3 e6 7. c4 Nh6 8. Nc3 Be7
9. Bh3 O-O 10. O-O Re8 11. a3 Bf8 12. Qc2 Rb8 13. cxd5 exd5 14. Bxc8 Rxc8 15.
Qd3 d4 16. exd4 Nxd4 17. Kg2 Nhf5 18. Rab1 b5 19. Ba1 c4 0-1

[Event "The USA Championship 2015"]
[Site "Saint Louis USA"]
[Date "2015.04.01"]
[Round "1"]
[White "So, W."]
[Black "Naroditsky, D."]
[Result "1-0"]
[WhiteElo "2788"]
[BlackElo "2633"]
[PlyCount "93"]
[EventDate "2015.03.31"]

1. d4 Nf6 2. c4 e6 3. Nc3 Bb4 4. f3 O-O 5. a3 Bxc3+ 6. bxc3 Nh5 7. Nh3 f5 8.
Nf2 b6 9. e4 fxe4 10. fxe4 Qf6 11. Ra2 Qf7 12. Nh3 Qg6 13. e5 Bb7 14. Bd3 Be4
15. Bxe4 Qxe4+ 16. Qe2 Qb1 17. Qc2 Qxc2 18. Rxc2 g6 19. Ng5 Nc6 20. Ne4 Kg7 21.
g4 Nf4 22. Be3 Nh3 23. Rg2 Nf4 24. Rg3 d6 25. exd6 cxd6 26. Nxd6 Rad8 27. Ne4
e5 28. dxe5 Nd3+ 29. Ke2 Ndxe5 30. Nd2 Rfe8 31. Rf1 Na5 32. Rf4 Nexc4 33. Nxc4
g5 34. Rd4 Rxd4 35. Nxa5 Ra4 36. Nc6 Rxa3 37. Kd3 Ra2 38. Rh3 Rg2 39. Bd4+ Kg8
40. Ne5 Re6 41. Nd7 Rd6 42. Nf6+ Kf7 43. Ne4 Rd5 44. Rxh7+ Kg6 45. Rg7+ Kh6 46.
Rxa7 b5 47. Ra6+ 1-0

[Event "The USA Championship 2015"]
[Site "Saint Louis USA"]
[Date "2015.04.01"]
[Round "1"]
[White "Kamsky, G."]
[Black "Shankland, S."]
[Result "1/2-1/2"]
[WhiteElo "2683"]
[BlackElo "2661"]
[PlyCount "59"]
[EventDate "2015.03.31"]

1. d4 Nf6 2. Nf3 d5 3. c4 c6 4. Nc3 e6 5. cxd5 exd5 6. Bg5 Be7 7. e3 Bf5 8. Bd3
Bxd3 9. Qxd3 Nbd7 10. O-O O-O 11. Rab1 a5 12. Qc2 Re8 13. Bxf6 Nxf6 14. a3 Bd6
15. Ne2 Qc7 16. Nc1 a4 17. Ne2 Ne4 18. Rbc1 Re6 19. Nc3 Nxc3 20. Qxc3 Rae8 21.
h3 Qd7 22. Rfe1 Rf6 23. Kf1 Bc7 24. Qd3 Ba5 25. Red1 Bc7 26. b4 axb3 27. Qxb3
Bd6 28. a4 Rfe6 29. Rc3 R6e7 30. Rb1 1/2-1/2

[Event "The USA Championship 2015"]
[Site "Saint Louis USA"]
[Date "2015.04.01"]
[Round "1"]
[White "Onischuk, Al"]
[Black "Gareev, T."]
[Result "1/2-1/2"]
[WhiteElo "2665"]
[BlackElo "2604"]
[PlyCount "95"]
[EventDate "2015.03.31"]

1. d4 e6 2. c4 d5 3. Nf3 dxc4 4. e3 c5 5. Bxc4 a6 6. O-O Nf6 7. dxc5 Bxc5 8.
Qxd8+ Kxd8 9. Nbd2 Ke7 10. Be2 Nbd7 11. Nc4 b6 12. Ne1 b5 13. Na5 Ne4 14. f3
Nd6 15. Nd3 Bb6 16. Bd2 Nf5 17. Kf2 Nxe3 18. Bxe3 Bxa5 19. a4 bxa4 20. Rxa4 Bb6
21. Nb4 Bb7 22. Rc1 a5 23. Nd3 Bxe3+ 24. Kxe3 Nb6 25. Rg4 Nd5+ 26. Kf2 g6 27.
Ra4 Ba6 28. Rxa5 Bxd3 29. Rxa8 Rxa8 30. Bxd3 Rb8 31. Rc2 Nb4 32. Rc7+ Kd6 33.
Rc3 Nd5 34. Rc2 Rb4 35. Bc4 Nb6 36. b3 Nxc4 37. bxc4 Kc5 38. Rd2 Rxc4 39. Rd7
Rf4 40. Ke3 g5 41. h4 h6 42. hxg5 hxg5 43. g3 Kc6 44. Ra7 Rf5 45. f4 g4 46. Re7
Kd6 47. Ra7 Kc6 48. Re7 1/2-1/2

[Event "The USA Championship 2015"]
[Site "Saint Louis USA"]
[Date "2015.04.01"]
[Round "1"]
[White "Robson, R."]
[Black "Troff, Kayden W"]
[Result "1-0"]
[WhiteElo "2656"]
[BlackElo "2532"]
[PlyCount "83"]
[EventDate "2015.03.31"]

1. e4 c5 2. Nf3 d6 3. d4 cxd4 4. Nxd4 Nf6 5. Nc3 a6 6. Be3 e5 7. Nb3 Be7 8. f3
Be6 9. Qd2 O-O 10. O-O-O Nbd7 11. g4 b5 12. g5 b4 13. gxf6 bxc3 14. Qxc3 Nxf6
15. Na5 Rc8 16. Nc6 Qe8 17. Nxe7+ Qxe7 18. Qa5 Rc6 19. Kb1 d5 20. exd5 Nxd5 21.
Rxd5 Bxd5 22. Qxd5 Rd6 23. Qe4 Rd1+ 24. Bc1 Qg5 25. f4 Qxf4 26. Qxf4 exf4 27.
Bg2 Rxh1 28. Bxh1 g5 29. c4 Rc8 30. Bd5 Kg7 31. Kc2 Kf6 32. b4 Kf5 33. a4 g4
34. b5 axb5 35. axb5 Rb8 36. Ba3 f3 37. Bc5 Re8 38. b6 h5 39. b7 h4 40. Ba7 h3
41. Kd2 g3 42. b8=Q 1-0

[Event "The USA Championship 2015"]
[Site "Saint Louis USA"]
[Date "2015.04.01"]
[Round "1"]
[White "Akobian, V."]
[Black "Sevian, Samuel"]
[Result "1-0"]
[WhiteElo "2622"]
[BlackElo "2531"]
[PlyCount "155"]
[EventDate "2015.03.31"]

1. d4 Nf6 2. c4 g6 3. Nc3 d5 4. cxd5 Nxd5 5. Bd2 Bg7 6. e4 Nxc3 7. Bxc3 O-O 8.
Qd2 c5 9. d5 e6 10. Bc4 Bxc3 11. bxc3 exd5 12. Bxd5 Nd7 13. Nf3 Nf6 14. O-O Bg4
15. Ng5 Kg7 16. h3 Be6 17. c4 Bxd5 18. exd5 Qd6 19. a4 Rfe8 20. Rfe1 h6 21. Nf3
Re4 22. Qc3 Rae8 23. Rxe4 Rxe4 24. g3 Qa6 25. Nd2 Re7 26. a5 Kh7 27. Rb1 Qd6
28. Kg2 Ne8 29. Rb3 Qc7 30. h4 Nd6 31. Qf6 Ne8 32. Qc3 Nd6 33. Qf6 Nf5 34. h5
Qd6 35. hxg6+ fxg6 36. Qxd6 Nxd6 37. Kf1 Kg7 38. f3 Kf6 39. Kf2 h5 40. Rb1 Kf5
41. Rh1 Kf6 42. Rh4 Ke5 43. g4 Rh7 44. Ke3 b6 45. a6 Re7 46. Kd3 Rh7 47. Ne4
Nxe4 48. fxe4 Rh8 49. Ke3 Rh7 50. gxh5 gxh5 51. Rf4 h4 52. Rf5+ Kd6 53. e5+ Ke7
54. Kf2 h3 55. Kg1 h2+ 56. Kh1 Rh4 57. e6 Rh7 58. Rf2 Kd6 59. Rxh2 Re7 60. Rb2
Rg7 61. Kh2 Rg4 62. Re2 Rg7 63. Kh3 Rg8 64. Kh4 b5 65. cxb5 c4 66. e7 Re8 67.
b6 axb6 68. a7 b5 69. Kg5 b4 70. Kf6 c3 71. Re6+ Kxd5 72. Rb6 c2 73. Rb8 c1=Q
74. a8=Q+ Kd4 75. Rxb4+ Kc5 76. Qa5+ Kd6 77. Rb6+ Kd7 78. Qd5+ 1-0